02872nam a22002657a 450000500170000000700150001700800410003202000220007303500100009504000090010509000150011410000300012924501280015925600240028726000290031130000280034050016700036850602700203865000300230874000380233885601070237694200080248395200960249199900190258720240305165519.0cr|||| |||| 190412s2018 es |||||s|||| 00||0 spa d a978-84-9148-985-6 a23001 avLex c8612d86121 aSánchez Sifriano, Reyna10aTópicos acerca de la cultura y conocimiento jurídico del siglo XXIh[Recurso electrónico] /cReyna Sánchez Sifriano aServicio en línea aMadrid:bDykinson,c2018 a1 recurso electrónico aTópicos sobre la cultura y conocimiento jurídico es una investigación integral con un grado de complejidad y profundidad producto de más de 10 años de experiencia en la investigación de práctica científica del Derecho. La presente obra proporciona a los estudiosos del Derecho: abogados postulantes, a quienes procuran, administran e imparten justicia, información acerca de los diferentes enfoques sobre los Derechos Humanos, y su impacto en diversos derechos fundamentales: a la vida, la libertad, el derecho de la mujer de ejercer su sexualidad, su derecho a la autodeterminación de la reproducción de la mujer. Además, se enriquece el presente libro con los criterios jurisprudenciales con respecto a la interrupción del embarazo, a través del aborto consentido y la problemática que se plasma sobre la ponderación del aborto, así como de la legislación nacional e internacional respecto a la persecución del aborto. Otro tópico importante, es lo referente al principio pro persona en relación al derecho de la autodeterminación reproductiva de la mujer, desde la perspectiva de la convencionalidad, considerando, a la biotecnología y su relación con el código genético, la manipulación genética y lo referente a la huella genética. También, se logran algunas reflexiones acerca de la clonación humana y sus dilemas. Además, se hace referencia sobre la despenalización de la cannabis en México y el tópico relativo de los criterios jurisdiccionales de la Suprema Corte de Justicia de la Nación en México, para juzgar con perspectiva de género, bajo el contexto de los Derechos Humanos.1 aDisponible solo en los productos indicadosdvLex GlobaldvLex Global (Academic Edition, excluding Law Schools)dvLex Global (U.S. Academic Edition, Law Schools)dvLex Global (U.S. Academic Edition, excluding Law Schools)dvLex Global (Academic Edition, Law Schools)04aDerecho MilitarzEspaña0 avLex Libros (Servicio en línea)40uhttps://app.vlex.com/#/sources/tagsos-acerca-de-la-cultura-y-conocimiento-juridico-del-siglo-xxi-23001 cRAA 001040708VLEX9324823aBD-UINbBD-UINd2024-03-05l0p23001r2024-03-05w2024-03-05yRAA c166849d166849